000 00874cab a2200265 4500
001 ABS47532
008 090401t1992 xxu||||| |||| 00| 0 eng d
035 _a(Sirsi) u62414
041 _aeng
100 _aConnellan, O.
245 _aCost approach to valuation
260 _c1992
350 _a0
490 _aJournal of Property Valuation and Investment
_v11(1) Autumn 1992, 50-56(7)
520 _aDiscusses research undertaken by the authors at Kingston University into Discounted Asset Rents as an alternative cost approach. Includes comments from a practising valuer. References.
650 _aCONTRACTORS TEST
650 _aCOST APPROACH
650 _aDEPRECIATED REPLACEMENT COST
650 _aDISCOUNTED ASSET RENTS
650 _aVALUATION METHODS
690 _aRATING AND VALUATION
700 _aBaldwin, R.
942 _n0
948 _c04/03/1997
999 _c38789
_d38789